Economia y hacienda publica /

保存先:
書誌詳細
第一著者: Cruz Santos, Abel
フォーマット: 図書
言語:Spanish
出版事項: Bogota : Ediciones Lerner, 1965-1966.
シリーズ:Historia extensa de Colombia.
主題:
LEADER 01080nam a2200289 i 4500
001 c000233823
003 CARM
005 00000000000000.0
008 840229s19651966ck b 000 0 spa d
019 1 |a 10212775  |5 LACONCORD2021 
035 |a (OCoLC)23353308  |5 LACONCORD2021 
041 0 |a spa 
043 |a s-ck--- 
082 0 4 |a 330.9861 
100 2 |a Cruz Santos, Abel. 
245 1 0 |a Economia y hacienda publica /  |c Abel Cruz Santos. 
260 |a Bogota :  |b Ediciones Lerner,  |c 1965-1966. 
300 |a 2v. 
504 |a Includes bibliographics. 
651 0 |a Colombia  |x Economic conditions. 
651 0 |a Colombia  |x Economic policy. 
830 0 |a Historia extensa de Colombia. 
852 8 |b CARM  |h A1:AP14A0  |i C09165  |p 0362605  |f BK 
852 8 |b CARM  |h A1:AP14A0  |i C09165  |p 0362606  |f BK 
999 f f |i a028d23f-0a3f-5e18-a558-c1313f7a1fcc  |s 68612acb-79fc-5132-bc45-d4787015c031 
952 f f |p Can circulate  |a CAVAL  |b CAVAL  |c CAVAL  |d CARM 1 Store  |e C09165  |f A1:AP14A0  |h Other scheme  |i book  |m 0362605 
952 f f |p Can circulate  |a CAVAL  |b CAVAL  |c CAVAL  |d CARM 1 Store  |e C09165  |f A1:AP14A0  |h Other scheme  |i book  |m 0362606